Soild waste management and disposal (Record no. 10339)
[ view plain ]
| 000 -LEADER | |
|---|---|
| fixed length control field | 00211nam a22001097a 4500 |
| 040 ## - CATALOGING SOURCE | |
| Transcribing agency | SK |
| 082 ## - DEWEY DECIMAL CLASSIFICATION NUMBER | |
| Classification number | 338 |
| 100 ## - MAIN ENTRY--AUTHOR NAME | |
| Personal name | NA |
| 245 ## - TITLE STATEMENT | |
| Title | Soild waste management and disposal |
| 260 ## - PUBLICATION, DISTRIBUTION, ETC. (IMPRINT) | |
| Place of publication | NA |
| Name of publisher | NA |
| Year of publication | NA |
| 942 ## - ADDED ENTRY ELEMENTS (KOHA) | |
| Koha item type | សៀវភៅភាសាអង់គ្លេស |
| 952 ## - LOCATION AND ITEM INFORMATION (KOHA) | |
| Withdrawn status [LOCAL, KOHA] | 0 |
| 952 ## - LOCATION AND ITEM INFORMATION (KOHA) | |
| Withdrawn status [LOCAL, KOHA] | 0 |
| 952 ## - LOCATION AND ITEM INFORMATION (KOHA) | |
| Withdrawn status [LOCAL, KOHA] | 0 |
| Permanent Location | Date acquired | Koha item type | Lost status | Shelving location | Barcode | Current Location | Full call number |
|---|---|---|---|---|---|---|---|
| Library Block C | 2016-10-17 | សៀវភៅភាសាអង់គ្លេស | C253 | RUA045790 | Library Block C | 338 NA NA C253 | |
| Library Block C | 2016-10-17 | សៀវភៅភាសាអង់គ្លេស | C253 | RUA045901 | Library Block C | 338 NA NA C253 | |
| Library Block C | 2016-10-17 | សៀវភៅភាសាអង់គ្លេស | C253 | RUA045837 | Library Block C | 338 NA NA C253 |